[Event "THA-ch"]
[Site "Bangkok"]
[Date "2019.05.02"]
[Round "4"]
[White "Chaiongkarn, Bunyapon"]
[Black "Tawankanjana, Dhi"]
[Result "1/2-1/2"]
[WhiteElo "1584"]
[BlackElo "1312"]
[PlyCount "128"]
[EventDate "2019.05.01"]
[EventType "swiss"]
[EventRounds "9"]
[EventCountry "THA"]
[SourceTitle "CBM 190 Extra"]
[Source "ChessBase"]
[SourceDate "2019.07.15"]
[SourceVersion "1"]
[SourceVersionDate "2019.07.15"]
[SourceQuality "1"]

1. d4 Nf6 2. Nf3 e6 3. Bf4 Bb4+ 4. c3 Be7 5. e3 d5 6. Bd3 c5 7. Nbd2 Nc6 8. h3 0-0 9. Ne5 c4 10. Bb1 Bd6 11. Qc2 g6 12. Ndf3 Qc7 13. 0-0 Nd7 14. Bh6 Re8 15. Nxc6 Qxc6 16. e4 Bf8 17. Bxf8 Kxf8 18. e5 a5 19. Qd2 Kg7 20. Nh2 h5 21. f4 Nb6 22. Rf3 Rh8 23. Rg3 Bd7 24. Rg5 Rag8 25. b3 Kf8 26. Bc2 Ke7 27. Nf3 Qc7 28. Qc1 Kd8 29. Qa3 Nc8 30. bxc4 dxc4 31. Rb1 Bc6 32. Nd2 Ne7 33. Rg3 Nd5 34. Rf3 g5 35. f5 Nf4 36. Rf2 g4 37. h4 Nd3 38. Bxd3 cxd3 39. c4 g3 40. Rf4 Rg4 41. Rxg4 hxg4 42. Qxd3 Qd7 43. fxe6 fxe6 44. Nb3 Rxh4 45. Nxa5 Qh7 46. Nxc6+ bxc6 47. Qxh7 Rxh7 48. Rb3 Rd7 49. Rd3 Kc7 50. a3 Kb6 51. Kf1 Rf7+ 52. Ke1 Rf4 53. Kd1 Rf1+ 54. Kc2 Rf2+ 55. Rd2 Rf3 56. Kb2 Ka5 57. Ka2 Rf2 58. Rb2 Ka4 59. c5 Rf3 60. Rb4+ Ka5 61. Rb2 Ka4 62. Rb4+ Ka5 63. Rb2 Ka4 64. Rb4+ Ka5 1/2-1/2